La dignidad de la persona desde la filosofa̕ del derecho

Bibliographic Details
Main Author: Peces-Barba, Gregorio
Format: Unknown
Language:Spanish
Published: Madrid : Instituto de Derechos Humanos "Bartolom ̌de las Casas" : Dykinson, 2002
Subjects:
Online Access:Acceso restringido

MARC

LEADER 00000ny a22000003n 4500
005 20110601133310.0
008 040312s2002 sp s 000 0 spa c
017 |a D.L.SE.4835-2002 
020 |a 8497722345 
035 |a 337 
040 |a SpMaUCFS  |d vLex 
040 |a UMA.RE  |d vLex 
080 |a 17.026.4 
090 |c 404  |d 404 
100 1 |a Peces-Barba, Gregorio 
245 1 3 |a La dignidad de la persona desde la filosofa̕ del derecho  |h [Recurso electrn̤ico] 
256 |a Servicio en ln̕ea 
260 |a Madrid :  |b Instituto de Derechos Humanos "Bartolom ̌de las Casas" :  |b Dykinson,  |c 2002 
300 |a 78 p. ;  |c 21 cm 
506 1 |a Contenido solo disponible en los productos indicados  |d vLex Global  |d vLex Global (Academic Edition, excluding Law Schools)  |d vLex Global (U.S. Academic Edition, Law Schools)  |d vLex Global (U.S. Academic Edition, excluding Law Schools)  |d vLex Global (Academic Edition, Law Schools) 
650 0 7 |a Filosofa̕ del derecho  |2 Tesauro vLex 
650 0 7 |a Dignidad de la persona  |2 Tesauro vLex 
740 0 |a vLex Libros (Servicios en ln̕ea) 
856 4 0 |u http://vlex.com/source/337  |z Acceso restringido 
942 |c BOOK 
999 0 |a Law--Philosophy  |b Madrid